Statistics for The USA Quiz - D

Click here to take the quiz!

General Stats

  • This quiz has been taken 352 times
  • The average score is 18 of 26

Answer Stats

Answer% Correct
US States beginning with DDelaware
99%
The US CurrencyDollar
95%
Created Mickey MouseWalt Disney
95%
10¢Dime
88%
You can pick up your food without leaving your carDrive-thru
85%
The older of the two mai political partiesDemocratic Party
83%
Equal opportunity for success and prosperityAmerican {Dream}
79%
Stops the smell from armpitsDeodorant
79%
Jack Dawson in TitanticLeonardo DiCaprio
79%
Hottest place on EarthDeath Valley
78%
PC and hardware manufactureDell
78%
Largest Cities beginning with DDenver
78%
Largest Cities beginning with DDetroit
76%
NFLMiami {Dolphins}
76%
A ringed or jam filled snackDoughnut
75%
Largest Cities beginning with DDallas
73%
Plays IronmanRobert Downey Jr.
71%
Major LeagueLos Angeles {Dodgers}
67%
NHLAnaheim {Ducks}
64%
Mount McKinleyDenali
59%
NHLNew Jersey {Devils}
59%
Major LeagueArizona {Diamondbacks}
58%
Its main hub is at AtlantaDelta Air Lines
54%
Goodfellas actorRobert De Niro
52%
First produced nylonDuPont
24%
Captain of 2014 World Cup soccer teamClint Dempsey
19%

Score Distribution

Percentile by Number Answered

Percent of People with Each Score

Your Score History

You have not taken this quiz